000 00491nam a2200181Ia 4500
005 20250508152222.0
008 008 250505s9999 xx 000 0 eng d
037 _aTextual
040 _aFEDL
_beng
_cFEDL
041 _aeng
_2eng
084 _a510, DAN
_qFEDL
100 _aDantzig Tobias
_9761046
245 0 _aBequest of the Greeks
260 _aNew York, USA
_bCharles Scribber's Sons
_c1955
300 _a191p.
942 _cTEXL
_h510, DAN
999 _c1335029
_d1335029